Wordt geladen...
Vanya vinjaneeyam /
| Formaat: | Printed Book |
|---|---|
| Taal: | Malayalam |
| Gepubliceerd in: |
Kamalalaya Book Depot ,
1955.
|
| LEADER | 00428nam a2200133Ia 4500 | ||
|---|---|---|---|
| 008 | 150624b xxu||||| |||| 00| | mal d | ||
| 082 | |a 509.54 | ||
| 245 | |a Vanya vinjaneeyam / | ||
| 260 | |b Kamalalaya Book Depot , |c 1955. | ||
| 300 | |a 179 p. | ||
| 546 | |a In Malayalam. | ||
| 942 | |c BK | ||
| 999 | |c 75596 |d 75596 | ||
| 952 | |0 0 |1 0 |4 0 |6 509_540000000000000_BAL_S_M |7 0 |9 75540 |a UL |b UL |c ST2 |d 1998-09-15 |l 0 |o 509.54 BAL/S M |p 25226 |r 2012-10-27 |w 2012-10-27 |y BK | ||